| 000 | 01155nam a22003135a 4500 | ||
|---|---|---|---|
| 003 | EG-ScBUE | ||
| 005 | 20220912102527.0 | ||
| 008 | 170327s2015 cc a f 000 0 chi d | ||
| 020 | _a9787560988429 | ||
| 040 |
_aEG-ScBUE _beng _erda _cEG-ScBUE _dEG-ScBUE |
||
| 082 | 0 | 4 |
_a712 _bJIA _222 |
| 100 | 0 |
_aJian Du, _eauthor. |
|
| 245 | 1 | 0 |
_aTo master landscape hand-drawing fast performance in 30 days = _b30天必会景观手绘快速表现 / _cJian Du, Lüpu Lü. |
| 246 | 3 | 1 | _a30天必会景观手绘快速表现 |
| 246 | 3 | 1 | _a30 tian bi hui jing guan shou hui kuai su biao xian |
| 246 | 3 | 1 | _aTo master landscape hand-drawing fast performance in thirty days |
| 264 | 1 |
_aWuhan : _bHuazhong University of Science and Technology Press (Hustp), _c2015. |
|
| 300 |
_a222 pages : _bcolor illustrations ; _c23 cm. |
||
| 336 |
_2rdacontent _atext _btxt |
||
| 337 |
_2rdamedia _aunmediated _bn |
||
| 338 |
_2rdacarrier _avolume _bnc |
||
| 490 | 0 | _aExcellent hand-painted | |
| 650 | 7 |
_aLandscape architecture. _2BUEsh |
|
| 651 | _2BUEsh | ||
| 653 |
_bENGARC _cMarch2017 |
||
| 655 |
_vReading book _934232 |
||
| 700 | 1 |
_aLü, Lüpu, _eauthor. |
|
| 942 |
_2ddc _cBB |
||
| 999 |
_c24546 _d24518 |
||